Philippine income tax : (Record no. 1226)

MARC details
000 -LEADER
fixed length control field 00631nam a22001937a 4500
003 - CONTROL NUMBER IDENTIFIER
control field OSt
005 - DATE AND TIME OF LATEST TRANSACTION
control field 20240624061544.0
008 - FIXED-LENGTH DATA ELEMENTS--GENERAL INFORMATION
fixed length control field 240624b |||||||| |||| 00| 0 eng d
020 ## - INTERNATIONAL STANDARD BOOK NUMBER
International Standard Book Number 9786214160808
040 ## - CATALOGING SOURCE
Original cataloging agency DWC- Main Lib
Transcribing agency OC
082 ## - DEWEY DECIMAL CLASSIFICATION NUMBER
Classification number Fil. 336.2 L37p 2019
100 ## - MAIN ENTRY--PERSONAL NAME
Personal name Llamado, Christopher P.
245 ## - TITLE STATEMENT
Title Philippine income tax :
Remainder of title volume two /
Statement of responsibility, etc. Christopher P. Llamado.
250 ## - EDITION STATEMENT
Edition statement 2019 edition.
260 ## - PUBLICATION, DISTRIBUTION, ETC.
Place of publication, distribution, etc. Manila, Philippines :
Name of publisher, distributor, etc. GIC Enterprises & Co., Inc.,
Date of publication, distribution, etc. c2019.
300 ## - PHYSICAL DESCRIPTION
Extent 516 pages :
Other physical details illustrations ;
Dimensions 23cm.
650 ## - SUBJECT ADDED ENTRY--TOPICAL TERM
Topical term or geographic name entry element 1. Income tax- law and legislation – Philippines
942 ## - ADDED ENTRY ELEMENTS (KOHA)
Source of classification or shelving scheme Dewey Decimal Classification
Koha item type Book-Filipiniana
Suppress in OPAC Yes
952 ## - LOCATION AND ITEM INFORMATION (KOHA)
--
952 ## - LOCATION AND ITEM INFORMATION (KOHA)
--
952 ## - LOCATION AND ITEM INFORMATION (KOHA)
--
Holdings
Withdrawn status Lost status Source of classification or shelving scheme Damaged status Not for loan Home library Current library Date acquired Source of acquisition Cost, normal purchase price Total Checkouts Full call number Barcode Date last seen Copy number Price effective from Koha item type Uniform Resource Identifier
    Dewey Decimal Classification     College Library College Library 01/24/2020 School Fund 300.00   Fil. 336.2 L37p 2019 52421 06/24/2024 c1 06/24/2024 BK - FIL
    Dewey Decimal Classification     College Library College Library 01/24/2020 School Fund 300.00   Fil. 336.2 L37p 2019 52422 06/24/2024 c2 06/24/2024 BK - FIL
    Dewey Decimal Classification     College Library College Library 01/24/2020 School Fund 300.00   Fil. 336.2 L37p 2019 52423 06/24/2024 c3 06/24/2024 BK - FIL